00205 a2200109 4500001000700000020000600007040001100013100002300024240002200047245001700069362000900086181526 a  cMagnum aDias, Edna Cardozo10aS.o.s animallpor10aS.o.s animal0 a1899